000 00380nam a22001337a 4500
020 _a9781119089117
040 _cJohn Wiley
082 _a660.2812
_bH4121 C
100 _aHaydary, Juma
_9134396
245 _aChemical Process Design and Simulation
_bASPEN Plus and ASPEN HYSYS Applications
260 _aUSA
_bJohn Wiley
_c2019
300 _axliv, 391p.
_c29cm.
942 _2ddc
_cREF
999 _c617377
_d617377